| 000 | 03461pam a22004217a 4500 | ||
|---|---|---|---|
| 999 |
_c330202 _d330202 |
||
| 001 | 14049337 | ||
| 003 | NUST | ||
| 005 | 20170613125616.0 | ||
| 008 | 050722s2002 enkac b 001 0 eng | ||
| 010 | _a 2005279455 | ||
| 015 | _aGBA1-U3566 | ||
| 016 | 7 |
_a101196217 _2DNLM |
|
| 020 | _a0415269032 | ||
| 035 | _a(OCoLC)ocm48534147 | ||
| 040 |
_aNLM _cNLM _dUKM _dC#P _dAGL _dSBH _dDLC |
||
| 042 |
_anlmcopyc _alccopycat |
||
| 050 | 0 | 0 |
_aQP519.9.C47 _bB55 2002 |
| 060 | 0 | 0 | _a2004 H-845 |
| 060 | 1 | 0 |
_aQU 55 _bB6152 2002 |
| 072 | 0 | _aX300 | |
| 082 | 0 | 4 |
_a572.36 VIJ _221 |
| 245 | 0 | 0 |
_aBiochromatography : _btheory and practice / _cedited by M.A. Vijayalakshmi. |
| 260 |
_aLondon ; _aNew York : _bTaylor & Francis, _c2002. |
||
| 300 |
_axviii, 526 p. : _bill., port. ; _c26 cm. |
||
| 500 | _aH.B | ||
| 504 | _aIncludes bibliographical references and index. | ||
| 505 | 0 | _aUpstream and downstream steps in biochromatography / Mookambeswaran A. Vijayalakshmi -- Gel filtration / Kjell-Ove Eriksson -- Ion exchange interaction biochromatography / E. Boschetti and P. Girot -- Hydrophobic (interaction) chromatography of proteins / Herbert P. Jennissen -- Conformational behaviour of polypeptides and proteins in reversed phase and lipophilic environments / Milton W. Hearn -- Affinity chromatography / Jaroslava Turková -- Dye ligand affinity chromatography / Robert K. Scopes -- Immobilized synthetic dyes in affinity chromatography / Nikos E. Labrou and Yannis D. Clonis -- Immobilized histidine ligand affinity chromatography / Oliver Pitiot and Mookambeswaran A. Vijayalakshmi -- Immobilized metal-ion affinity chromatography: from phenomenological hallmarks to structure-based molecular insights / Nadir T. Mrabet and Mookambeswaran A. Vijayalakshmi -- Thiophilic interaction chromatography / Sven Oscarsson and Francisco Batista Viera -- Miscellaneous methods in affinity chromatography: Part 1: Boronic acids as selective ligands for affinity chromatography / Xio-Chuan Liu and William H. Scouten -- Miscellaneous methods in affinity chromatography: Part 2: Shielded affinity chromatography in packed bed and expanded bed mode / Igor Yu. Galaev and Bo Mattiasson -- Glycobiology and biochromatography / Henri Debray, Gérard Strecker and Jean Montreuil -- Capillary electrokinetic chromatography / Gargi Choudhary and Csaba Horváth -- Imprinted polymers as tailor-made stationary phases for affinity separation / Karsten Haupt, Peter A.G. Cormack and Klaus Mosbach -- Computer-aided simulation of biochromatography / Nicolas Voute -- Industrial biochromatography: engineering aspects / F.A.P. Garcia, D.M.F. Prazeres and J.M.S. Cabral -- Validation aspects in biochromatography / Charles Lutsch -- Biochromatography and biomedical applications / C. Legallais, Mookambeswaran A. Vijayalakshmi and Ph. Moriniére. | |
| 650 | 0 |
_aChromatographic analysis. _92556 |
|
| 650 | 0 |
_aBiotechnology. _92447 |
|
| 650 | 0 |
_aBiomolecules. _92557 |
|
| 650 | 1 | 2 |
_aChromatography _xmethods. _92558 |
| 650 | 1 | 2 |
_aProteins _xisolation & purification. _92559 |
| 650 | 2 | 2 |
_aBiotechnology _xmethods. _92560 |
| 650 | 2 | 2 |
_aMolecular Biology _xmethods. _92561 |
| 700 | 1 |
_aVijayalakshmi, M. A. _92562 |
|
| 856 | 4 | 2 |
_3Publisher description _uhttp://www.loc.gov/catdir/enhancements/fy0646/2005279455-d.html |
| 906 |
_a7 _bcbc _ccopycat _d2 _encip _f20 _gy-gencatlg |
||
| 942 |
_2ddc _cBK _kIESE |
||